000 00491nam a2200181Ia 4500
008 090124s9999 xx 000 0 und d
082 _b132718
100 _aपटेल अलका
245 _a इंद्रधनुष्य
250 _a1
260 _c2004
300 _a96
600 _aपटेल अलका
630 _a इंद्रधनुष्य
700 _aपटेल अलका
730 _a इंद्रधनुष्य
942 _cBOOK
999 _c178852
_d178852